000 00231nam a2200097Ia 4500
005 20251222154426.0
008 251222s9999||||xx |||||||||||||| ||spa||
082 _aREF.985.008/C76/T.XXIII/V.III
245 0 _aPeriódicos
942 _cLIB
999 _c36209
_d36209